Adapting to an uncertain environment (Record no. 111789)

MARC details
000 -LEADER
fixed length control field 01054cad a22001935a 4500
001 - CONTROL NUMBER
control field L152002
008 - FIXED-LENGTH DATA ELEMENTS--GENERAL INFORMATION
fixed length control field 110120s2010 xxk f 000 0 eng d
035 ## - SYSTEM CONTROL NUMBER
System control number (Sirsi) u152002
041 0# - LANGUAGE CODE
Language code of text/sound track or separate title eng
110 2# - MAIN ENTRY--CORPORATE NAME
Corporate name or jurisdiction name as entry element KPMG International
9 (RLIN) 5143
245 00 - TITLE STATEMENT
Title Adapting to an uncertain environment
Remainder of title global construction survey 2010
Medium [electronic resource]
260 ## - PUBLICATION, DISTRIBUTION, ETC.
Place of publication, distribution, etc. [S.l.]
Name of publisher, distributor, etc. KPMG
Date of publication, distribution, etc. 2010
520 ## - SUMMARY, ETC.
Summary, etc. The survey finds that many engineering and construction companies have a reasonably optimistic outlook for their immediate prospects; looks at key issues that the industry is facing; how construction companies are adapting to the new opportunites identified by the survey; 140 construction company executives from around the world were interviewed for this survey.
590 ## - LOCAL NOTE (RLIN)
Local note KA NTK
651 #4 - SUBJECT ADDED ENTRY--GEOGRAPHIC NAME
Geographic name International
690 ## - LOCAL SUBJECT ADDED ENTRY--TOPICAL TERM (OCLC, RLIN)
Topical term or geographic name as entry element BUILT ENVIRONMENT-CONSTRUCTION MARKET
856 40 - ELECTRONIC LOCATION AND ACCESS
Uniform Resource Identifier <a href="https://www.kpmg.com/US/en/IssuesAndInsights/ArticlesPublications/Documents/kpmg-global-construction-survey-2010.pdf">https://www.kpmg.com/US/en/IssuesAndInsights/ArticlesPublications/Documents/kpmg-global-construction-survey-2010.pdf</a>
Public note View this item free of charge at www.kpmg.com
942 ## - ADDED ENTRY ELEMENTS (KOHA)
Suppress in OPAC 0
Holdings
Withdrawn status Lost status Source of classification or shelving scheme Damaged status Not for loan Home library Current library Shelving location Date acquired Total Checkouts Full call number Barcode Date last seen Copy number Price effective from Koha item type
    Dewey Decimal Classification     Virtual Virtual Online 20/01/2011   ONLINE PUBLICATION 152002-1001 06/08/2019 1 06/08/2019 Book